000 00434cam a2200169ua 4500
001 3075
008 131129n II |||gr||||Z||||||eng
040 _aMAIN
041 _aEnglish
082 _a640 DAV
100 _aDAVENPORT, BRAGDON ALLEN.
245 _aTHE FAMILY CREATIVE WORKSHOPS VOL ( XII )
260 _aNEW YORK:
_bPLENARY PUBLICATION,
_c1975.
300 _a1536:
_c24CM.
653 _aHome & family management
942 _cBK
999 _c3063
_d3063